Submarine landslides and tsunamis

Αποθηκεύτηκε σε:
Λεπτομέρειες βιβλιογραφικής εγγραφής
Συγγραφή απο Οργανισμό/Αρχή: NATO Advanced Research Workshop on Underwater Ground Failures on Tsunami Generation, Modeling, Risk, and Mitigation
Άλλοι συγγραφείς: Yaliner, Ahmet C. (Επιμελητής έκδοσης)
Μορφή: Πρακτικό Συνεδρίου Βιβλίο
Γλώσσα:English
Δημοσίευση: Dordrecht : Kluwer Academic Publishers, 2003
Σειρά:NATO science series. Earth and environmental sciences ; ; 21; Series IV
Θέματα:
Ετικέτες: Προσθήκη ετικέτας
Δεν υπάρχουν, Καταχωρήστε ετικέτα πρώτοι!

MARC

LEADER 00000nam a2200000 i 4500
001 1/94132
008 080918s2003 eng d
020 |a 1-4020-1349-3 (pbk.) 
035 |l 10100262 
040 |a GR-MY-UA  |b gre  |e aacr 
041 0 |a eng 
082 0 |a 551.307  |2 (22) 
245 1 0 |a Submarine landslides and tsunamis /  |c edited by Ahmet C. Yaliner ... [κ.ά.] 
260 |a Dordrecht :   |b Kluwer Academic Publishers,   |c 2003 
300 |a xix, 328 σ.;  |b εικ. (μερ. έγχρ.), χάρτες (μερ. έγχρ.);  |c 25 εκ.+  |e 1 οπτική δισκέτα λέϊζερ Η/Υ (4 3/4 ίν.) 
490 1 |a NATO science series. Earth and environmental sciences   |v ; 21; Series IV 
500 |a Πρακτικά του προηγμένου το ΝΑΤΟ ερευνητικού εργαστηρίου στις υποβρύχια επίγειες αποτυχίες και την παραγωγή τσουνάμι, τη διαμόρφωση, τον κίνδυνο και το μετριασμό, Ιστανμπούλ, Τουρκία, 23-26 Μαΐου 2001 
504 |a Περιέχει βιβλιογραφικές παραπομπές και ευρετήριο 
650 0 0 |a Mass-wasting. 
650 0 0 |a Marine sediments. 
650 0 0 |a Tsunamis. 
700 1 |a Yaliner, Ahmet C.  |4 edt 
711 0 |a NATO Advanced Research Workshop on Underwater Ground Failures on Tsunami Generation, Modeling, Risk, and Mitigation  |d (2001:  |c Istanbul, Turkey) 
830 0 |a NATO science series.   |n Seriev IV,   |p Earth and environmental sciences ;  |v ; 21; Series IV 
852 |a INST  |b LESVOS  |e 20080918  |h 551.307 SUB  |p 005100043119  |q 005100043119  |t BK  |y 0 
852 |a INST  |b LESVOS  |e 20080918  |h 551.307 SUB   |p 005100043120  |q 005100043120  |t BK  |y 0 
901 |a BIBL1-2008-3 
909 |a Λ  |b 145134 
909 |a Λ  |b 137575 
922 |a 1ΕΛΗ  |b 200801  |c ΕΠΕΑΕΚ2/ΤΕΘ  |d ΕΛΕΥΘΕΡΟΥΔΑΚΗΣ 
970 |a ΚΑΡΑ  |b ΓΙΑΣΕΜΗ  |z 2008/09/18